000
00293nam a2200121Ia 4500
008
190216s9999||||xx |||||||||||||| ||und||
100
_a
Dr.Takoor T K
245
0
_a
Hindi-Ache Garnya Keliye Ahar Yek Vyayam
260
_b
Shruthi Publications
300
_a
112
650
_a
Hindi
942
_c
BK
999
_c
16390
_d
16390